拼音以C/D开头的国家 Countries pinyin starting with C/D - Statistics

General Stats
  • This quiz has been taken 70 times
  • The average score is 5 of 8
Answer Stats
字母 国家 % Correct
D 德国
84%
D 丹麦
69%
C 朝鲜
63%
D 东帝汶
57%
D 多米尼加
53%
D 多米尼克
51%
D 多哥
45%
C 赤道几内亚
35%
No matching quizzes found
Score Distribution
Percent of People with Each Score
Percentile by Number Answered
Your Score History
You have not taken this quiz